UBT Library

Stewart's Calculus (Record no. 46657)

000 -LEADER
fixed length control field 00264nam a22001217a 4500
008 - FIXED-LENGTH DATA ELEMENTS--GENERAL INFORMATION
fixed length control field 180730b xxu||||| |||| 00| 0 eng d
082 ## - DEWEY DECIMAL CLASSIFICATION NUMBER
Edition number 813.52
245 ## - TITLE STATEMENT
Title Stewart's Calculus
Statement of responsibility, etc Stewart
300 ## - PHYSICAL DESCRIPTION
Extent 1
440 ## - SERIES STATEMENT/ADDED ENTRY--TITLE
International Standard Serial Number 0534393470
760 ## - MAIN SERIES ENTRY
Edition 5th
942 ## - ADDED ENTRY ELEMENTS (KOHA)
Source of classification or shelving scheme
Item type Mixed Materials
Holdings
Withdrawn status Lost status Source of classification or shelving scheme Damaged status Not for loan Collection code Permanent location Current location Shelving location Date acquired Total Checkouts Full call number Barcode Date last seen Price effective from Koha item type
          Koleksioni i përgjithshem UBT - Lipjan UBT - Lipjan Audio Visual 07/30/2018   813.52 STE 002-3010084 07/30/2018 07/30/2018 Mixed Materials
UBT Library © 2015-2024. All rights reserved University Education for Business and Technology